000 03128nam a2200253Ia 4500
003 OSt
005 20211025105427.0
008 210310s2002 ho ad fr 000 0 spa d
020 _a9992665323
040 _aCO-JMCR
_cCO-JMCR
041 0 _aspa
082 0 4 _a382.911 /
_bC386i
_223
100 1 _aCáceres, Luis René,
_917858
_eautor
245 1 3 _aLa integración de Centroamérica :
_bpromesa y reto vigente /
_cLuis René Cáceres
260 _aTegucigalpa :
_bBanco Centroamericano de Integración Económica,
_c2002
300 _aviii, 384 páginas :
_bilustraciones y gráficas a blanco y negro ;
_c25 cm.
500 _aIncluye notas a pie de página.
504 _aBibliografía al final de cada capítulo.
505 0 _aLa estanflación: un análisis basado en la economía internacional -- Redes interregionales, estructuras jerárquicas y fuga de la riqueza en Centroamérica: un análisis de cadena de Markov -- Integración económica e inflación en Centroamérica un modelo espacial -- Estructuralismo, monetarismo e inflación en Latinoamérica -- La incidencia territorial de la inflación en Honduras -- La determinación del tipo de cambio en el mercado negro de El Salvador -- Influencias internas y externas en la determinación del tipo de cambio en el mercado negro de Guatemala -- La integración centroamericana: logros, restricciones y perspectivas -- La relación de equilibrio de largo plazo entre los tipos de cambio en los mercados negros de Guatemala y El Salvador -- Elementos para una estrategia centroamericana de renegociación de la deuda externa y captación de recursos -- Ecuador y la integración andina: experiencias y perspectivas -- Costos y beneficios de la integración centroamericana -- Las Disparidades económicas nacionales y la integración subregional -- Reducción de la deuda externa y crecimiento en Centroamérica -- Panamá y la integración económica centroamericana -- Inversión y crecimiento económico en Centroamérica -- La relación de largo plazo entre el ahorro y la inversión en la América Latina -- Décadas perdidas Oportunidades para el presente -- Crecimiento económico y divergencia en la América Latina -- Ahorro de precaución en Centroamérica -- Educación: La llave del futuro -- Distribución del ingreso e integración económica -- Integración monetaria en las regiones centroamericana y andina -- Crisis cambiarias y su contagio evidencia de El Salvador y Guatemala
520 3 _a"La integración económica ofrece beneficios potenciales a los países centroamericanos porque puede estimular el crecimiento económico, la industrialización y la eficiencia del aparato productivo. Estos beneficios constituyen una mejor base para enfrentar la competencia global derivada de la apertura externa. Pero el aprovechamiento de las posibilidades que ofrece la integración depende en gran parte de lo que hagan los países por reforzar su capital humano".
650 1 4 _aIntegración económica internacional
_xModelos econométricos
_zCentroamérica
_941271
651 4 _aCentroamérica
_xIntegración económica
_941272
942 _2ddc
_cBK
999 _c8640
_d8640